000 00835cam a2200265 a 4500
001 000018754
005 20200929165843.0
008 720509s1968 es 000 p spa d
025 _aLACAP70-5018
035 _a(DLC) 76594406
035 _a(OCoLC)304864
040 _aDO-SdBNP
_cOU
_dOCoLC
_dDLC
_dBNPHU
042 _apremarc
082 _aES861.44
_bC387n
100 1 _aCea, José Roberto,
_d1939-
_933832
245 1 0 _aNáufrago genuino /
_cJosé Roberto Cea.
260 _aSan Salvador :
_bMinisterio de Educación,
_bDirección General de Cultura, Direccion de Publicaciones,
_c1968.
300 _a97 p. ;
_c21 cm.
490 1 _aPoesía
_v26
650 4 _aPoesía salvadoreña
_912306
650 4 _aLiteratura salvadoreña
_92929
830 0 _aPoesía ;
_v26
_91183
910 _aCatalogación derivada / LC
049 _aBNGR
999 _c18274
_d18274